Inventario del Archivo de la Parroquia San José Almoloya de Juárez, Estado de México Diócesis de Toluca

Detalles Bibliográficos
Autor principal: Sánchez Ocampo, Sergio Alonso
Formato: Libro
Lenguaje:English
Publicado: México 2018
Serie editorial:Inventarios civiles y eclesiásticos
Colección:Publicaciones Adabi
Acceso en línea:
LEADER 00630nam a22001577a 4500
003 MARCcodeORG
005 20250612063340.0
008 200210b xxu||||| |||| 00| 0 eng d
100 |a  Sánchez Ocampo, Sergio Alonso 
245 |a Inventario del Archivo de la Parroquia San José Almoloya de Juárez, Estado de México Diócesis de Toluca 
260 |a México  |b Adabi de México / Fundación Alfredo Harp Helú  |c 2018 
490 |a Inventarios civiles y eclesiásticos 
856 |u https://file.adabi.org.mx/recursos/publicaciones/inventarios/eclesiasticos/386.pdf 
942 |c ADABIPUB 
943 |g Publicaciones Adabi 
999 |c 1198821  |d 1198821